[Event "SR 2. liga A 2004/2005"]
[Site "?"]
[Date "2004.12.18"]
[Round "5.3"]
[White "Kralovic, Andrej"]
[Black "Bebiak, Jozef"]
[Result "0-1"]
[WhiteElo "2062"]
[BlackElo "2122"]
[PlyCount "106"]
[EventDate "2004.??.??"]
[TimeControl "240+2"]

{48MB, Fritz8.ctg, FRATRIC-A552EF0} 1. e4 c5 2. Nf3 d6 3. c4 e5 4. Nc3 f5 5. d3
Nf6 6. a3 Nc6 7. b4 cxb4 8. axb4 Nxb4 9. Qa4+ Nc6 10. Be2 Be7 11. O-O O-O 12.
Ba3 a6 13. Rfb1 Nd4 14. exf5 Nxf5 15. Qb3 Kh8 16. Na4 b5 17. cxb5 axb5 18. Nc3
Rb8 19. Ne4 Qb6 20. Bb4 Nxe4 21. dxe4 Nd4 22. Nxd4 Qxd4 23. Bf3 Rf6 24. Rd1 Qb6
25. Ba5 Qb7 26. Rdc1 Be6 27. Qe3 Bc4 28. Be2 d5 29. exd5 Qxd5 30. Bc7 Re8 31.
Bf3 Qf7 32. Ra8 Rxa8 33. Bxa8 Rf5 34. Rd1 Bh4 35. g3 Qxc7 36. gxh4 Rf8 37. Bg2
Qe7 38. h5 b4 39. h6 b3 40. Rd4 b2 41. Rd1 gxh6 42. Be4 Qg5+ 43. Qg3 Ba2 44.
Qxg5 hxg5 45. Bb1 Rc8 46. Kg2 Bxb1 47. Rxb1 Rc2 48. Kf3 Kg7 49. Ke3 Kf6 50. h3
Kf5 51. f3 h5 52. Kd3 Rf2 53. Ke3 Rh2 0-1

[Event "SR 2. liga A 2004/2005"]
[Site "?"]
[Date "2004.12.18"]
[Round "5.3"]
[White "Lauf, Pavol"]
[Black "Hricak, Vasil"]
[Result "1-0"]
[WhiteElo "2120"]
[BlackElo "1879"]
[PlyCount "99"]
[EventDate "2004.??.??"]

1. c4 e5 2. Nc3 Nc6 3. g3 f5 4. Bg2 Nf6 5. e3 e4 6. d3 Bb4 7. d4 d5 8. cxd5
Nxd5 9. Nge2 Be6 10. Bd2 Qd7 11. Rc1 O-O-O 12. Nxd5 Bxd5 13. a3 Bxd2+ 14. Qxd2
g5 15. b4 h5 16. h4 gxh4 17. Rxh4 Rdg8 18. Nf4 Bf7 19. Bh3 Ne7 20. Qc2 Rg5 21.
Qc5 Rh6 22. b5 Kb8 23. a4 Qd6 24. Kd2 b6 25. Qxd6 Rxd6 26. Bf1 Nd5 27. Nxd5
Bxd5 28. Be2 Bf7 29. Rch1 Rh6 30. g4 fxg4 31. Bxg4 Rf6 32. Bxh5 Bxh5 33. Rxh5
Rxf2+ 34. Kc3 Rgg2 35. Re5 Rc2+ 36. Kb4 Rb2+ 37. Kc4 Ra2 38. Kd5 Rgc2 39. Rh8+
Kb7 40. Ree8 c6+ 41. bxc6+ Ka6 42. Kd6 Rxa4 43. c7 Rac4 44. c8=Q+ Rxc8 45. Rxc8
Rxc8 46. Rxc8 Kb5 47. Ke6 a5 48. d5 Kb4 49. d6 a4 50. d7 1-0

[Event "SR 2. liga A 2004/2005"]
[Site "?"]
[Date "2004.12.18"]
[Round "5.4"]
[White "Breja, Stanislav"]
[Black "Heinrich, Jan"]
[Result "0-1"]
[WhiteElo "2130"]
[BlackElo "2155"]
[PlyCount "86"]
[EventDate "2004.??.??"]

1. e4 c5 2. c3 d5 3. exd5 Qxd5 4. d4 Nf6 5. Nf3 e6 6. Na3 Qd8 7. Bf4 Nc6 8. Bc4
a6 9. dxc5 Qxd1+ 10. Rxd1 Bxc5 11. b4 Be7 12. Nc2 b5 13. Bb3 Bb7 14. O-O O-O
15. Bd6 a5 16. Bxe7 Nxe7 17. bxa5 Bxf3 18. gxf3 Rxa5 19. Nb4 g6 20. Rd6 Rc8 21.
Rc1 Kg7 22. c4 bxc4 23. Rxc4 Rxc4 24. Bxc4 Ra4 25. Rb6 Ned5 26. Nxd5 Nxd5 27.
Bxd5 exd5 28. Rb2 h5 29. Rd2 d4 30. Kg2 Kf6 31. Re2 g5 32. Kg3 h4+ 33. Kg2 d3
34. Rd2 Ra3 35. f4 gxf4 36. Kf3 Ke5 37. Rb2 Kd4 38. Rb4+ Kc3 39. Rxf4 Kc2 40.
Rd4 Rxa2 41. Rc4+ Kd1 42. Rxh4 d2 43. Rd4 Kc1 0-1

[Event "SR 2. liga A 2004/2005"]
[Site "?"]
[Date "2004.12.18"]
[Round "5.4"]
[White "Farkas, Gabor"]
[Black "Vychodil, Michal"]
[Result "1-0"]
[WhiteElo "2072"]
[BlackElo "2098"]
[PlyCount "95"]
[EventDate "2004.??.??"]
[TimeControl "240+2"]

{48MB, Fritz8.ctg, FRATRIC-A552EF0} 1. e4 d5 2. exd5 Qxd5 3. Nc3 Qa5 4. d4 c6
5. Bc4 Bf5 6. Nf3 Nf6 7. O-O e6 8. Bf4 Nbd7 9. a3 Be7 10. Re1 O-O 11. Bd3 Bxd3
12. Qxd3 Nb6 13. b4 Qh5 14. Re5 Qg6 15. Qxg6 hxg6 16. Bg3 Bd6 17. Ree1 Bxg3 18.
hxg3 Rfd8 19. Red1 Nbd5 20. Na4 b6 21. Ne5 Rac8 22. c4 Ne7 23. g4 Nd7 24. Nc3
Nxe5 25. dxe5 g5 26. Rd6 Ng6 27. Rad1 Rxd6 28. exd6 Ne5 29. c5 Nxg4 30. Nb5 Ne5
31. Nxa7 Rd8 32. cxb6 Kf8 33. Rc1 Ke8 34. Nxc6 Nxc6 35. Rxc6 Kd7 36. Rc7+ Kxd6
37. Rxf7 Kc6 38. Rxg7 Rd5 39. b7 Rd8 40. Rxg5 Kxb7 41. a4 Rd1+ 42. Kh2 Ra1 43.
a5 Ka6 44. Re5 Ra2 45. Kg3 Rb2 46. Rxe6+ Kb5 47. f4 Rxb4 48. Rb6+ {
Time: 1:35-1:57} 1-0

[Event "SR 2. liga A 2004/2005"]
[Site "?"]
[Date "2004.12.18"]
[Round "5.4"]
[White "Hecko, Dusan"]
[Black "Kisonova, Katarina"]
[Result "1/2-1/2"]
[WhiteElo "2137"]
[BlackElo "2163"]
[PlyCount "115"]
[EventDate "2004.??.??"]

1. e4 c5 2. Nf3 e6 3. d4 cxd4 4. Nxd4 a6 5. c4 Nf6 6. Nc3 d6 7. Be2 Be7 8. O-O
Qc7 9. Be3 b6 10. Qd2 Bb7 11. f3 O-O 12. Rac1 Nbd7 13. b3 Rfe8 14. g4 g6 15. g5
Nh5 16. f4 e5 17. fxe5 dxe5 18. Nc2 Ng7 19. Nd5 Bxd5 20. cxd5 Nc5 21. Bf3 Qd8
22. Nb4 Bd6 23. Nc6 Qd7 24. b4 Na4 25. Qd1 b5 26. Bg4 Qb7 27. Qd2 Rf8 28. Na5
Qe7 29. a3 Ne8 30. Nc6 Qb7 31. Na5 Qe7 32. Nb3 Bc7 33. Nc5 Nb6 34. Be2 Nd6 35.
Rf6 Nd7 36. Nxd7 Qxd7 37. Bd3 Bd8 38. Rff1 a5 39. Rc6 axb4 40. axb4 Be7 41. Qe2
Ra3 42. Rfc1 Rfa8 43. R6c3 Ra2 44. R3c2 R2a3 45. Rc3 Ra2 46. R1c2 Ra1+ 47. Rc1
R1a2 48. R1c2 Ra1+ 49. Kg2 R1a4 50. Rb2 Ra3 51. Rcc2 Rc8 52. Rxc8+ Qxc8 53. Rc2
Qd7 54. h4 h6 55. Bc1 Rb3 56. Rb2 Rc3 57. Bd2 Ra3 58. Be3 1/2-1/2

[Event "SR 2. liga A 2004/2005"]
[Site "?"]
[Date "2004.12.18"]
[Round "5.4"]
[White "Kohlman, Robert"]
[Black "Sarmir, Milos"]
[Result "1/2-1/2"]
[WhiteElo "2206"]
[BlackElo "2151"]
[PlyCount "34"]
[EventDate "2004.??.??"]

1. Nf3 d5 2. g3 Nf6 3. Bg2 e6 4. O-O Bd6 5. d3 O-O 6. c4 c6 7. Nc3 Nbd7 8. b3
Ne5 9. Bb2 Nxf3+ 10. Bxf3 Bd7 11. d4 Qe7 12. e4 dxe4 13. Nxe4 Nxe4 14. Bxe4
Rad8 15. Qe2 Ba3 16. Bc3 Bb4 17. Bb2 Ba3 1/2-1/2

[Event "SR 2. liga A 2004/2005"]
[Site "?"]
[Date "2004.12.18"]
[Round "5.4"]
[White "Szitkey, Milan"]
[Black "Kubis, Ivan"]
[Result "1/2-1/2"]
[WhiteElo "2217"]
[BlackElo "2064"]
[PlyCount "22"]
[EventDate "2004.??.??"]

1. e4 e5 2. Nf3 Nc6 3. Bb5 a6 4. Ba4 Nf6 5. d3 d6 6. c3 g6 7. h3 Bg7 8. O-O O-O
9. Re1 b5 10. Bc2 Re8 11. Nbd2 d5 1/2-1/2

[Event "SR 2. liga A 2004/2005"]
[Site "?"]
[Date "2004.12.18"]
[Round "5.4"]
[White "Vrba, Michal"]
[Black "Bednar, Jan"]
[Result "0-1"]
[WhiteElo "1879"]
[BlackElo "2103"]
[PlyCount "60"]
[EventDate "2004.??.??"]

1. e4 e5 2. Nf3 Nc6 3. Bc4 Bc5 4. O-O Nf6 5. d4 exd4 6. e5 d5 7. exf6 dxc4 8.
Re1+ Be6 9. fxg7 Rg8 10. Ng5 Qd5 11. Nc3 Qf5 12. Nce4 O-O-O 13. Nxc5 Qxc5 14.
Nxe6 fxe6 15. Rxe6 Rxg7 16. Bh6 Rxg2+ 17. Kxg2 Qd5+ 18. Kf1 Qxe6 19. Qh5 d3 20.
Re1 Qd5 21. Qxd5 Rxd5 22. cxd3 cxd3 23. Bd2 Ne5 24. Bc3 Nf3 25. Rd1 Nxh2+ 26.
Kg2 Ng4 27. Kg3 h5 28. f4 Ne3 29. Re1 d2 30. Bxd2 Nf5+ 0-1

[Event "SR 2. liga A 2004/2005"]
[Site "?"]
[Date "2004.12.18"]
[Round "5.5"]
[White "Gajarsky, Roman"]
[Black "Kruppa, Dominik"]
[Result "1-0"]
[WhiteElo "2025"]
[BlackElo "2032"]
[PlyCount "55"]
[EventDate "2004.??.??"]

1. e4 c5 2. c4 Nc6 3. f4 g6 4. Nf3 Bg7 5. Nc3 d6 6. d3 e6 7. Be3 Nd4 8. Be2 Ne7
9. O-O Nec6 10. Rb1 O-O 11. Nb5 Nxf3+ 12. Bxf3 a6 13. Nc3 Nd4 14. Ne2 e5 15.
Nc3 Rb8 16. Nd5 f5 17. Qd2 b5 18. b4 bxc4 19. fxe5 Nxf3+ 20. gxf3 cxb4 21. Bg5
Qa5 22. dxc4 fxe4 23. fxe4 Qc5+ 24. Be3 Rxf1+ 25. Rxf1 Qxc4 26. Ne7+ Kh8 27.
Qxd6 Qe6 28. Qd8+ 1-0

[Event "SR 2. liga A 2004/2005"]
[Site "?"]
[Date "2004.12.18"]
[Round "5.5"]
[White "Kasanicky, Robert"]
[Black "Nicolini, Alexander"]
[Result "0-1"]
[WhiteElo "2005"]
[BlackElo "2120"]
[PlyCount "70"]
[EventDate "2004.??.??"]

1. e4 e5 2. Bc4 Bc5 3. Nf3 d6 4. c3 Nf6 5. d4 exd4 6. cxd4 Bb4+ 7. Bd2 Bxd2+ 8.
Nbxd2 d5 9. exd5 Nxd5 10. Qb3 c6 11. O-O O-O 12. Rfe1 Nb6 13. Bxf7+ Rxf7 14.
Ng5 Qd5 15. Nxf7 Kxf7 16. Qe3 Qd8 17. Nf3 Nd5 18. Qe4 g6 19. Ng5+ Kg7 20. Qh4
Qg8 21. Re2 h6 22. Ne4 Nd7 23. Rae1 Qf8 24. Nc3 g5 25. Qg3 N7f6 26. h4 g4 27.
Qe5 Bd7 28. Nxd5 cxd5 29. Qc7 Kg6 30. Re7 Re8 31. Rxe8 Bxe8 32. Qxb7 Qd6 33.
Qxa7 g3 34. f3 Qb4 35. Qc7 Qxe1# 0-1

[Event "SR 2. liga A 2004/2005"]
[Site "?"]
[Date "2004.12.18"]
[Round "5.5"]
[White "Novak, Stanislav"]
[Black "Hanes, Mojmir"]
[Result "1-0"]
[WhiteElo "2055"]
[BlackElo "2065"]
[PlyCount "79"]
[EventDate "2004.??.??"]

1. e4 e5 2. Nf3 Nc6 3. Bb5 a6 4. Ba4 d6 5. c3 f5 6. exf5 Bxf5 7. d3 Be7 8. O-O
Nf6 9. Nh4 Bg4 10. f3 Be6 11. f4 exf4 12. Bxf4 O-O 13. Bg3 Qd7 14. Nd2 Kh8 15.
d4 d5 16. Bc2 Bd6 17. Qe1 Rae8 18. Qe3 Bg4 19. Qg5 Bxg3 20. hxg3 Qe6 21. Bf5
Bxf5 22. Nxf5 Qf7 23. Rae1 Qg6 24. Nf3 Ne4 25. Qxg6 hxg6 26. N5h4 Kh7 27. Rxe4
dxe4 28. Ng5+ Kg8 29. Re1 e3 30. Nhf3 Rf5 31. Kf1 Nd8 32. Ke2 Rb5 33. b3 Nf7
34. Nxf7 Kxf7 35. Ne5+ Kg8 36. Kxe3 c5 37. Kd3 cxd4 38. cxd4 Rd5 39. Re4 g5 40.
g4 1-0

[Event "SR 2. liga A 2004/2005"]
[Site "?"]
[Date "2004.12.18"]
[Round "5.5"]
[White "Rohackova, Veronika"]
[Black "Bronis, Marian"]
[Result "1/2-1/2"]
[WhiteElo "2056"]
[BlackElo "2161"]
[PlyCount "50"]
[EventDate "2004.??.??"]

1. e4 e6 2. d4 c5 3. d5 exd5 4. exd5 d6 5. Nf3 Be7 6. Bb5+ Bd7 7. Bxd7+ Qxd7 8.
O-O Nf6 9. Nc3 O-O 10. Ne2 Na6 11. c4 Rab8 12. a4 Rfe8 13. Ng3 Bf8 14. b3 g6
15. Bb2 Bg7 16. Bc3 Ne4 17. Nxe4 Rxe4 18. Bxg7 Kxg7 19. Qd3 Rbe8 20. Rae1 Rxe1
21. Rxe1 Rxe1+ 22. Nxe1 Qe7 23. Qc3+ Qf6 24. Qxf6+ Kxf6 25. Kf1 Ke5 1/2-1/2

[Event "SR 2. liga A 2004/2005"]
[Site "?"]
[Date "2004.12.18"]
[Round "5.5"]
[White "Stefan, Oldrich"]
[Black "Lutter, Ladislav"]
[Result "1-0"]
[WhiteElo "2085"]
[BlackElo "2036"]
[PlyCount "105"]
[EventDate "2004.??.??"]

1. d4 d5 2. Nf3 Nf6 3. c4 e6 4. e3 c6 5. Nc3 Nbd7 6. Qc2 Bb4 7. Bd2 O-O 8. Bd3
Re8 9. O-O Nf8 10. a3 Bd6 11. e4 dxe4 12. Nxe4 Nxe4 13. Bxe4 f5 14. Bd3 Bd7 15.
c5 Bc7 16. Rfe1 Ng6 17. Qb3 Kh8 18. Ne5 Bxe5 19. dxe5 Qc7 20. Bc4 b5 21. cxb6
axb6 22. Rac1 Rad8 23. Bg5 Rb8 24. Qg3 b5 25. Bb3 c5 26. Bd1 Rbc8 27. Bh5 Qb6
28. Be3 Qa5 29. Bxg6 hxg6 30. Qxg6 Kg8 31. Red1 Qa7 32. Rd3 Re7 33. b4 Be8 34.
Qg5 Rd7 35. Rxd7 Qxd7 36. Bxc5 Qd5 37. Qe3 Bc6 38. f3 Ra8 39. Bd4 Be8 40. Rc3
Rd8 41. Rd3 Qc4 42. Rd2 Kf7 43. h4 Ra8 44. Kh2 Bc6 45. Kg3 Qc1 46. Bb2 Qf1 47.
Rd6 Qc4 48. Qc5 Bd5 49. Rd7+ Kg6 50. Qe7 f4+ 51. Kg4 Bxf3+ 52. gxf3 Rg8 53.
Qg5+ 1-0

[Event "SR 2. liga A 2004/2005"]
[Site "?"]
[Date "2004.12.18"]
[Round "5.5"]
[White "Szollos, Ondrej"]
[Black "Puobis, Jozef"]
[Result "1-0"]
[WhiteElo "2101"]
[BlackElo "2061"]
[PlyCount "79"]
[EventDate "2004.??.??"]
[TimeControl "240+2"]

{48MB, Fritz8.ctg, FRATRIC-A552EF0} 1. Nf3 d5 2. d3 Nf6 3. c3 Nbd7 4. Qc2 e5 5.
e4 Be7 6. Be2 O-O 7. O-O c6 8. Nbd2 Qc7 9. Re1 dxe4 10. dxe4 Re8 11. Nf1 Nc5
12. Ng3 Bg4 13. Nh4 Bxe2 14. Qxe2 Rad8 15. Nhf5 Ne6 16. Nxe7+ Rxe7 17. Nf5 Red7
18. h3 g6 19. Nh6+ Kg7 20. Ng4 Nxg4 21. Qxg4 h5 22. Qh4 Qb6 23. g4 Rh8 24. Qg3
Qc7 25. g5 Rhd8 26. Qf3 Rd3 27. Qf6+ Kg8 28. Be3 Nf4 29. Bxf4 exf4 30. e5 Rxh3
31. e6 Rf8 32. e7 Re8 33. Rad1 f3 34. Qd6 Qa5 35. Qe5 Qb6 36. Rd4 c5 37. Rd6
Qxb2 38. Rxg6+ fxg6 39. Qe6+ Kg7 40. Qf6+ {Time 1:45-1:51} 1-0

[Event "SR 2. liga A 2004/2005"]
[Site "?"]
[Date "2004.12.18"]
[Round "5.6"]
[White "Diviak, Rastislav"]
[Black "Slamena, Michal"]
[Result "0-1"]
[WhiteElo "1899"]
[BlackElo "2089"]
[PlyCount "60"]
[EventDate "2004.??.??"]

1. e4 e5 2. Nf3 Nc6 3. Bb5 a6 4. Ba4 Nf6 5. O-O Be7 6. Re1 b5 7. Bb3 O-O 8. c3
d5 9. exd5 Nxd5 10. Nxe5 Nxe5 11. Rxe5 c6 12. d4 Bd6 13. Re1 Qh4 14. g3 Qh3 15.
Be3 Bg4 16. Qd3 Rae8 17. Qf1 Qh5 18. Nd2 Re6 19. Bd1 f5 20. Bxg4 Qxg4 21. f3
Qh5 22. Bf2 Rh6 23. Qg2 Rg6 24. Qf1 f4 25. g4 Ne3 26. Kh1 Qh6 27. Qd3 Qh3 28.
Bxe3 fxe3 29. Nf1 Rxf3 30. Qe2 Rf2 0-1

[Event "SR 2. liga A 2004/2005"]
[Site "?"]
[Date "2004.12.18"]
[Round "5.6"]
[White "Doucha, Ludvik"]
[Black "Samko, Karol"]
[Result "1-0"]
[WhiteElo "2165"]
[BlackElo "2048"]
[PlyCount "45"]
[EventDate "2004.??.??"]

1. e4 c5 2. c4 Nc6 3. Ne2 d6 4. Nbc3 Nf6 5. d4 cxd4 6. Nxd4 g6 7. Be2 Bg7 8.
Be3 Bd7 9. Rc1 O-O 10. O-O b6 11. Qd2 Rc8 12. f3 Ne8 13. Rfd1 Nxd4 14. Bxd4 Be6
15. Nd5 Bxd4+ 16. Qxd4 Ng7 17. b4 Bxd5 18. cxd5 Rxc1 19. Rxc1 Qd7 20. Qc3 Rd8
21. Qc7 Ne8 22. Qxd7 Rxd7 23. Rc8 1-0

[Event "SR 2. liga A 2004/2005"]
[Site "?"]
[Date "2004.12.18"]
[Round "5.6"]
[White "Gutdeutsch, Otto"]
[Black "Syrovy, Ivan"]
[Result "1/2-1/2"]
[WhiteElo "2089"]
[BlackElo "2069"]
[PlyCount "30"]
[EventDate "2004.??.??"]
[TimeControl "240+2"]

{48MB, Fritz8.ctg, FRATRIC-A552EF0} 1. e4 c6 2. d4 d5 3. e5 Bf5 4. c4 e6 5. Nc3
Ne7 6. Nf3 Nd7 7. h4 dxc4 8. Ng5 h6 9. Nge4 Nd5 10. Bxc4 Bb4 11. Bxd5 cxd5 12.
Ng3 Bh7 13. Qg4 Rg8 14. O-O Be7 15. h5 a6 {Time 1:00-0:55} 1/2-1/2

[Event "SR 2. liga A 2004/2005"]
[Site "?"]
[Date "2004.12.18"]
[Round "5.6"]
[White "Isa, Vlastimil"]
[Black "Deak, Gabriel"]
[Result "0-1"]
[WhiteElo "1985"]
[BlackElo "2050"]
[PlyCount "146"]
[EventDate "2004.??.??"]

1. e4 c5 2. Nf3 Nc6 3. d4 cxd4 4. Nxd4 Nf6 5. Nc3 e5 6. Ndb5 d6 7. Bg5 a6 8.
Na3 b5 9. Nd5 Be7 10. Nxe7 Qxe7 11. Bxf6 Qxf6 12. Qd5 Bb7 13. Be2 O-O 14. Rd1
Rfd8 15. O-O Rab8 16. Qd3 Qg6 17. c3 Ne7 18. Bf3 Qe6 19. b3 Ng6 20. g3 Qe7 21.
Nc2 Bc8 22. Ne3 Be6 23. c4 bxc4 24. Nxc4 Bxc4 25. Qxc4 Rb6 26. Rd5 Nf8 27. Bg4
Qb7 28. Rfd1 h5 29. Bh3 h4 30. Qe2 hxg3 31. hxg3 Qc7 32. Kg2 Rc6 33. Bg4 Nh7
34. Bf3 Ng5 35. Bg4 Rc2 36. R1d2 Rxd2 37. Rxd2 Qb6 38. Qc4 Qa5 39. Qe2 g6 40.
Rd5 Qb6 41. Qd3 Nh7 42. Qd1 Nf6 43. Rd3 Nxe4 44. Qf3 Nc5 45. Rd1 Qb7 46. Qxb7
Nxb7 47. Be2 Nc5 48. b4 Ne4 49. Bxa6 d5 50. Rc1 d4 51. Rc8 Rxc8 52. Bxc8 Nc3
53. Kf1 Nxa2 54. b5 Nb4 55. b6 Nc6 56. Ke2 Kf8 57. Kd3 Ke7 58. Bb7 Kd6 59. f4
f6 60. fxe5+ fxe5 61. Bc8 Kd5 62. b7 e4+ 63. Ke2 Kd6 64. Kd2 Kc7 65. Be6 Kxb7
66. Bd5 e3+ 67. Kd3 Kc7 68. Be4 g5 69. Ke2 Nb4 70. Kf3 Kd6 71. Kg4 Ke5 72. Bf3
d3 73. Kxg5 e2 0-1

[Event "SR 2. liga A 2004/2005"]
[Site "?"]
[Date "2004.12.18"]
[Round "5.6"]
[White "Kebis, Milos"]
[Black "Macko, Michal"]
[Result "1-0"]
[WhiteElo "2097"]
[BlackElo "2143"]
[PlyCount "86"]
[EventDate "2004.??.??"]

1. c4 g6 2. Nc3 Bg7 3. d4 d6 4. Nf3 Nf6 5. e4 O-O 6. Be2 e5 7. d5 a5 8. Bd2 Na6
9. O-O Nc5 10. Qc2 Ne8 11. Bg5 f6 12. Be3 f5 13. Bg5 Bf6 14. Bh6 Rf7 15. exf5
gxf5 16. Nd2 Bg5 17. Bxg5 Qxg5 18. f4 Qh6 19. fxe5 dxe5 20. Nf3 Rg7 21. Qd2 Qh3
22. Rf2 e4 23. Kh1 Qg4 24. Nd4 Qh4 25. Raf1 Nd6 26. a3 a4 27. Ncb5 Nxb5 28.
cxb5 b6 29. Qf4 Qxf4 30. Rxf4 Rg5 31. h4 Rg3 32. Nxf5 Bxf5 33. Rxf5 Nb7 34. Kh2
Rg7 35. g4 Nd6 36. Rf6 Re7 37. g5 Kg7 38. h5 Re5 39. g6 hxg6 40. Rxg6+ Kh7 41.
Rff6 Rxd5 42. Rh6+ Kg7 43. Rfg6+ Kf7 1-0

[Event "SR 2. liga A 2004/2005"]
[Site "?"]
[Date "2004.12.18"]
[Round "5.6"]
[White "Prielozny, Marek"]
[Black "Duris, Ivan"]
[Result "1/2-1/2"]
[WhiteElo "1990"]
[BlackElo "2036"]
[PlyCount "22"]
[EventDate "2004.??.??"]

1. d4 d5 2. c4 e6 3. Nc3 Nf6 4. Bg5 Be7 5. e3 b6 6. Nf3 Bb7 7. Rc1 Nbd7 8. cxd5
Nxd5 9. Bxe7 Nxe7 10. Bd3 O-O 11. O-O c5 1/2-1/2

[Event "SR 2. liga A 2004/2005"]
[Site "?"]
[Date "2004.12.18"]
[Round "5.7"]
[White "Antala, Jan"]
[Black "Rachela, Robert"]
[Result "1-0"]
[WhiteElo "1888"]
[BlackElo "1849"]
[PlyCount "69"]
[EventDate "2004.??.??"]
[TimeControl "240+2"]

{48MB, Fritz8.ctg, FRATRIC-A552EF0} 1. e4 e6 2. d4 d5 3. Nc3 Nf6 4. Bg5 Be7 5.
e5 Nfd7 6. h4 a6 7. Qg4 g6 8. Bxe7 Qxe7 9. h5 c5 10. Nf3 cxd4 11. Qxd4 Nc6 12.
Qf4 Qb4 13. Qxb4 Nxb4 14. O-O-O Nc6 15. hxg6 fxg6 16. Re1 Nf8 17. Ng5 b5 18. f4
Bb7 19. a3 Rc8 20. Rh6 b4 21. axb4 Nxb4 22. Rd1 Ke7 23. Rd2 Rc5 24. g3 Rc7 25.
Ne2 a5 26. Nd4 Nc6 27. Nb5 Rd7 28. Nd6 Nd8 29. Rdh2 Rxd6 30. exd6+ Kxd6 31. Bb5
Ke7 32. Nxh7 Nf7 33. R6h4 Nd7 34. Bxd7 Kxd7 35. Nf6+ {Time 1:15-1:55} 1-0

[Event "SR 2. liga A 2004/2005"]
[Site "?"]
[Date "2004.12.18"]
[Round "5.7"]
[White "Bilovsky, Milan"]
[Black "Mosny, Jaroslav"]
[Result "1/2-1/2"]
[WhiteElo "1875"]
[BlackElo "2046"]
[PlyCount "88"]
[EventDate "2004.??.??"]

1. c4 c5 2. Nc3 Nf6 3. g3 Nc6 4. Bg2 e6 5. e3 Be7 6. Nge2 O-O 7. d4 cxd4 8.
exd4 d5 9. b3 a6 10. O-O dxc4 11. bxc4 Na5 12. c5 Bd7 13. Rb1 Bc6 14. Bxc6 bxc6
15. Qa4 Nd5 16. Nxd5 cxd5 17. Rb6 Nc4 18. Rxa6 Rxa6 19. Qxa6 Qa8 20. Qxa8 Rxa8
21. Nc3 Bd8 22. a4 Ba5 23. Nb5 Bb4 24. Bf4 Rxa4 25. c6 g5 26. c7 Ra8 27. Bxg5
Kf8 28. Rb1 Ba5 29. Ra1 Ke8 30. Bd2 Kd7 31. Bxa5 Rxa5 32. Rxa5 Nxa5 33. Nd6
Kxc7 34. Nxf7 Nb3 35. Ng5 Nxd4 36. Nxh7 Kd6 37. h4 Ke5 38. Ng5 Kf5 39. f4 Ne2+
40. Kf2 Nxf4 41. Kf3 Nd3 42. g4+ Kf6 43. Nh3 Ne5+ 44. Kf4 Ng6+ 1/2-1/2

[Event "SR 2. liga A 2004/2005"]
[Site "?"]
[Date "2004.12.18"]
[Round "5.7"]
[White "Galan, Anton"]
[Black "Kersten, Juraj"]
[Result "0-1"]
[WhiteElo "1917"]
[BlackElo "1923"]
[PlyCount "68"]
[EventDate "2004.??.??"]

1. e4 e5 2. f4 exf4 3. Bc4 Qh4+ 4. Kf1 Nc6 5. d4 d6 6. h3 Nge7 7. Nf3 Qf6 8. c3
g5 9. h4 g4 10. Ng5 Nd8 11. Qb3 h6 12. e5 Qf5 13. exd6 cxd6 14. Nf3 gxf3 15.
gxf3 Rg8 16. Nd2 d5 17. Be2 Qg6 18. Ke1 Qg2 19. Rf1 Qg3+ 20. Kd1 Qxh4 21. Bb5+
Ndc6 22. c4 a6 23. cxd5 axb5 24. dxc6 bxc6 25. Ne4 Nd5 26. Re1 Be6 27. Qc2 Kd7
28. Nc5+ Bxc5 29. Qxc5 Qh3 30. Bd2 Qxf3+ 31. Kc1 Rg2 32. a4 Qd3 33. Rd1 Bg4 34.
Ra3 Qe2 0-1

[Event "SR 2. liga A 2004/2005"]
[Site "?"]
[Date "2004.12.18"]
[Round "5.7"]
[White "Kleman, Miroslav"]
[Black "Sukuba, Zdeno"]
[Result "1/2-1/2"]
[WhiteElo "2142"]
[BlackElo "2102"]
[PlyCount "65"]
[EventDate "2004.??.??"]

1. e4 c6 2. d3 d5 3. Nd2 g6 4. Be2 Bg7 5. Bg4 Bxg4 6. Qxg4 Nf6 7. Qe2 dxe4 8.
dxe4 O-O 9. Ngf3 Qc7 10. O-O Na6 11. a4 Rad8 12. Nb3 c5 13. Nbd2 Nb4 14. Nc4 b6
15. g3 Qb7 16. Re1 a6 17. Nce5 Nd7 18. Bf4 Nxe5 19. Nxe5 g5 20. Ra3 gxf4 21.
gxf4 Bxe5 22. fxe5 Kh8 23. Rh3 Rg8+ 24. Kh1 Rg7 25. f4 f5 26. c3 Qxe4+ 27. Qxe4
fxe4 28. cxb4 cxb4 29. Rhe3 Rd2 30. R1e2 Rd1+ 31. Re1 Rd2 32. R1e2 Rd1+ 33. Re1
1/2-1/2

[Event "SR 2. liga A 2004/2005"]
[Site "?"]
[Date "2004.12.18"]
[Round "5.7"]
[White "Peska, Juraj"]
[Black "Karlik, Lukas"]
[Result "1/2-1/2"]
[WhiteElo "1848"]
[BlackElo "1845"]
[PlyCount "42"]
[EventDate "2004.??.??"]

1. c4 d6 2. Nc3 Nf6 3. g3 g6 4. Bg2 Bg7 5. Nf3 O-O 6. d3 c5 7. Bd2 h6 8. Qc1
Kh7 9. h3 Be6 10. Nh2 Qd7 11. Ng4 Ng8 12. Nd5 Nc6 13. Nge3 Rab8 14. Bc3 Nd4 15.
Nc2 Nxc2+ 16. Qxc2 b5 17. Bxg7 Kxg7 18. b3 f5 19. a4 b4 20. h4 Bxd5 21. Bxd5
Nf6 1/2-1/2

[Event "SR 2. liga A 2004/2005"]
[Site "?"]
[Date "2004.12.18"]
[Round "5.7"]
[White "Susko, Peter"]
[Black "Zdrazil, Bohumir"]
[Result "0-1"]
[WhiteElo "2040"]
[BlackElo "1975"]
[PlyCount "90"]
[EventDate "2004.??.??"]

1. d4 Nf6 2. c4 g6 3. Nc3 Bg7 4. e4 d6 5. f3 O-O 6. Be3 Nbd7 7. Qd2 e5 8. d5
Ne8 9. g4 Nc5 10. h4 f5 11. gxf5 gxf5 12. O-O-O f4 13. Bf2 h6 14. Kb1 b6 15.
Nge2 Nf6 16. Nc1 Nh5 17. Qe1 Kh7 18. b4 Nb7 19. Nd3 a5 20. a3 axb4 21. axb4 Qe7
22. Bh3 Bf6 23. Bg4 Ng7 24. h5 Bxg4 25. fxg4 Ne8 26. Qe2 Bg5 27. Qf3 Nf6 28.
Bh4 Rg8 29. Bxg5 Rxg5 30. Nf2 Qd7 31. Kb2 Nxg4 32. Nxg4 Qxg4 33. Qxg4 Rxg4 34.
Ra1 Rxa1 35. Rxa1 f3 36. Rf1 Rf4 37. Kc2 Kg7 38. Kd3 Kf6 39. Nb5 Kg5 40. Nxc7
Kxh5 41. Ke3 Kg4 42. Ne6 Kg3 43. Rh1 f2 44. Rf1 Rf3+ 45. Ke2 Kg2 0-1

[Event "SR 2. liga A 2004/2005"]
[Site "?"]
[Date "2004.12.18"]
[Round "5.8"]
[White "Feiler, Peter"]
[Black "Raczko, Peter"]
[Result "0-1"]
[WhiteElo "1910"]
[BlackElo "2025"]
[PlyCount "68"]
[EventDate "2004.??.??"]

1. d4 d5 2. c4 e6 3. Nc3 Nf6 4. Bg5 Nbd7 5. Nf3 c6 6. e3 Qa5 7. Bxf6 Nxf6 8.
Nd2 Be7 9. Bd3 O-O 10. O-O dxc4 11. Nxc4 Qc7 12. Rc1 Nd5 13. e4 Nf4 14. Bb1 Ng6
15. Qf3 b5 16. Ne3 Qb6 17. Rfd1 Bb7 18. d5 exd5 19. exd5 Rad8 20. Be4 c5 21.
Nf5 Bd6 22. Qg4 Bc8 23. Rd3 Rfe8 24. Rh3 Bxf5 25. Bxf5 Re7 26. Qh5 h6 27. g3
Be5 28. Qf3 Bxc3 29. bxc3 Re5 30. Rd1 Qd6 31. Be4 Rde8 32. Bc2 Re1+ 33. Rxe1
Rxe1+ 34. Kg2 Ne5 0-1

[Event "SR 2. liga A 2004/2005"]
[Site "?"]
[Date "2004.12.18"]
[Round "5.8"]
[White "Kolesar, Rastislav"]
[Black "Fratric, Igor"]
[Result "1-0"]
[WhiteElo "1858"]
[BlackElo "1930"]
[PlyCount "77"]
[EventDate "2004.??.??"]
[TimeControl "240+2"]

{48MB, Fritz8.ctg, FRATRIC-A552EF0} 1. e4 c6 2. d4 d5 3. e5 Bf5 4. Bd3 Bxd3 5.
Qxd3 e6 6. Nf3 Nd7 7. O-O c5 8. b3 Ne7 9. Re1 Nc6 10. c3 Rc8 11. Bb2 cxd4 12.
c4 Nb4 13. Qd1 dxc4 14. Nxd4 Nd3 15. Re2 Nxb2 16. Rxb2 Nxe5 17. bxc4 Rxc4 18.
Rd2 Bb4 19. Nxe6 Bxd2 20. Nxd8 Bg5 21. Na3 Rc7 22. Qd5 Bf6 23. Nxb7 O-O 24. Rd1
Rb8 25. Nc5 Rbc8 26. Ne4 Rd7 27. Nxf6+ gxf6 28. Qb3 Rc3 29. Qb1 Rxa3 30. Rxd7
Nxd7 31. g3 Ne5 32. Qb2 Ra6 33. h4 h5 34. Kg2 Kg7 35. Qe2 Ra3 36. Qb2 Ra6 37.
Qb3 Kg6 38. f4 Ng4 39. Qd3+ {Time 1:54-1:58} 1-0

[Event "SR 2. liga A 2004/2005"]
[Site "?"]
[Date "2004.12.18"]
[Round "5.8"]
[White "Povysil, Peter"]
[Black "Cisar, Marian"]
[Result "1-0"]
[WhiteElo "2078"]
[BlackElo "1620"]
[PlyCount "62"]
[EventDate "2004.??.??"]

1. Nf3 d5 2. c4 e6 3. d4 Nf6 4. Nc3 Bb4 5. e3 O-O 6. Bd3 dxc4 7. Bxc4 Ne4 8.
Qc2 Nd6 9. Bd3 g6 10. h4 Nd7 11. h5 Qf6 12. e4 e5 13. d5 Nc5 14. Bg5 Qh8 15.
Bh6 Re8 16. hxg6 fxg6 17. O-O-O Bg4 18. Rh4 Bxf3 19. gxf3 Qf6 20. Rdh1 Qxf3 21.
Be3 Nxd3+ 22. Qxd3 Re7 23. R1h3 Qf8 24. Qe2 a5 25. Qg4 Qc8 26. Qg5 Qd7 27. f4
Bxc3 28. bxc3 Nxe4 29. Qg2 Nxc3 30. Bc5 Qb5 31. Rxc3 exf4 {
dalsi priebeh sa nedal zrekonstruovat} 1-0